| 000 | 00466nam a2200169Ia 4500 | ||
|---|---|---|---|
| 001 | 24199 | ||
| 003 | IN-NITTTR | ||
| 005 | 20251114233310.0 | ||
| 008 | 251113s9999||||xx |||||||||||||| ||eng|| | ||
| 040 | _beng | ||
| 040 | _cIN-NITTTR | ||
| 041 | _aeng | ||
| 082 | _a621.37 A95 | ||
| 245 | 0 |
_aAdvances in instrumentation;proceedings of international conference on instrumentation(ICI-1996) / _cRamprasad, B. S., ed. |
|
| 700 | _aRamprasad, B. S. | ||
| 942 |
_2ddc _cBK |
||
| 999 |
_c26828 _d26828 |
||